Komentár k vyhláške Ministerstva financií SR č. 280/1993 Z.z.

Bibliographic Details
Main Author: Fedáková, Ľuba (Author)
Format: Article
Language:Slovak
Subjects:

MARC

LEADER 00000nab a2200000 a 4500
001 vtls000508478
003 SK-MaSNL
005 20260304174650.0
008 250425c1994 xo 0 slo
015 |a SNBRB19rr/mm-uuuuu 
035 |a CL0508616 
035 |a urn:nbn:sk:snk-ab76ct 
035 |a (uuid)c5dd2494-830e-481a-ab86-5a562857ed6b 
035 |a (urnnbn)urn:nbn:sk:snk:ar-a071l6 
035 |a (sysno)vtls000508478 
040 |a SNKBUCL  |b slo  |c SNKBUCL  |e AACR2 
041 0 |a slo 
044 |a xo  |c SK 
080 |a 368.41.041:340.132  |2 1981 
080 |a 340.132  |2 1981 
080 |a 331.825  |2 1981 
080 |a 347.515.2  |2 1981 
080 |a 614.8  |2 1981 
100 1 |a Fedáková, Ľuba  |4 aut  |9 1348175 
245 1 0 |a Komentár k vyhláške Ministerstva financií SR č. 280/1993 Z.z.  |c Ľuba Fedáková 
650 0 7 |a pracovné úrazy  |2 snkbucl  |9 1713 
650 0 7 |a choroby z povolania  |2 snkbucl  |9 2542 
650 0 7 |a poistenie zákonné  |2 snkbucl  |9 933491 
655 7 |a články z novín a časopisov  |2 snkbucl  |9 267496 
773 0 |t Mzdy a financie  |g Č. 0 (1994), s. 35-36 
850 |a Slovenská národná knižnica 
852 |a Slovenská národná knižnica 
954 |a odborná, vedecká literatúra pôvodná (slovenská)  |2 lita 
958 |a article27 
958 |a RK 
958 |a MI 
958 |a OND 
958 |a EUIPO 
992 |a RBX 
999 |c 3009979  |d 3011909